000
00329 a2200157 4500
001
192783
020
_a
978-85-8392-125-7
040
_c
Magnum
100
_a
Muniz, Flávia
240
1
0
_a
Show da natureza
_l
por
245
1
0
_a
Show da natureza
300
_a
14
362
0
_a
2017
697
_a
LITERATURA INFANTO
942
_c
BK
999
_c
192783
_d
192783